UK Town and City Trivia - Leeds - Statistics

General Stats
  • This quiz has been taken 85 times
  • The average score is 9 of 15
Answer Stats
Hint Answer % Correct
Metropolitan county in which Leeds is located West Yorkshire
96%
Home stadium of Leeds United Football Club {Elland} Road
87%
Canal that links Leeds with a city in the north-west of England Leeds & {Liverpool}
77%
Leeds' professional Rugby League team Leeds Rhinos
75%
River that flows through the centre of the city Aire
71%
Regional daily newspaper with headquarters in Leeds Yorkshire {Evening} Post
68%
Large shopping and leisure complex in Leeds city centre {Trinity} Leeds
67%
Stage name of Harehills born Melanie Janine Brown {Scary} Spice
64%
Seat of learning once known as Leeds Metropolitan University Leeds {Beckett} University
63%
Flagship high street department store that began in Leeds in 1884 Marks & Spencer
63%
Home ground of Yorkshire County Cricket Club Headingley
59%
Large urban park situated on the north-east edge of the city Roundhay Park
59%
Leeds born host of Newsnight and University Challenge Jeremy Paxman
40%
Name given to a native of Leeds Loiner
28%
Leeds based manufacturer of board games and playing cards Waddingtons
17%
No matching quizzes found
Score Distribution
Percent of People with Each Score
Percentile by Number Answered
Your Score History
You have not taken this quiz